Sci-Fi Movies Starting with G - Statistics

General Stats
  • This quiz has been taken 14 times
  • The average score is 3 of 11
Answer Stats
# Answer % Correct
7 Gojira
100%
1 Galaxy Quest
36%
4 Ghost Busters
29%
10 Guardians of the Galaxy
29%
8 Green Lantern
21%
9 Groundhog Day
21%
2 Gemini Man
14%
6 Glass
14%
3 Generation X
7%
11 Gulliver's Travels
7%
5 The Giver
7%
No matching quizzes found
Score Distribution
Percent of People with Each Score
Percentile by Number Answered
Your Score History
You have not taken this quiz